| 000 | 00882cab a2200265 4500 | ||
|---|---|---|---|
| 001 | ABS46417 | ||
| 008 | 090401t1992 xxu||||| |||| 00| 0 eng d | ||
| 035 | _a(Sirsi) u58119 | ||
| 041 | _aeng | ||
| 100 | _aHarwood, M. | ||
| 245 | _aInsurance and the standard conditions of sale | ||
| 260 | _c1992 | ||
| 350 | _a0 | ||
| 490 |
_aSolicitors` Journal _v136(17) 1 May 1992, 408-409(2) |
||
| 520 | _aHouseholders` insurance policies are available to cover a home buyer for circumstances when the seller is unable to pay damages: Eagle Star, General Accident, Link and Nem Insurance are compared. | ||
| 650 | _aCONVEYANCING | ||
| 650 | _aHOUSEHOLDER POLICIES | ||
| 650 | _aRESCISSION | ||
| 650 | _aSTANDARD CONDITIONS OF SALE | ||
| 650 | _aVENDOR AND PURCHASER | ||
| 690 |
_aINSURANCE _96249 |
||
| 690 | _aPROPERTY LAW AND PRACTICE | ||
| 942 | _n0 | ||
| 948 | _c04/03/1997 | ||
| 999 |
_c35457 _d35457 |
||